Guía de uso y prácticas de laboratorio para el generador de señales agilent E4433B ESG-D y el analizador de espectros agilent 4405B ESA-E
保存先:
| 第一著者: | |
|---|---|
| フォーマット: | 図書 |
| 出版事項: |
[San José, Costa Rica]
2003
|
| 主題: | |
| タグ: |
タグ追加
タグなし, このレコードへの初めてのタグを付けませんか!
|
MARC
| LEADER | 00000nam a2200000Ia 4500 | ||
|---|---|---|---|
| 003 | 009103 | ||
| 005 | 20221231144150.0 | ||
| 008 | 140114s2003 cr a m 000 ||s d | ||
| 040 | |c cru CEDI | ||
| 090 | |a TFG 4652 | ||
| 100 | |a Vaquerano Pineda, Nicolás |9 6242 | ||
| 245 | |a Guía de uso y prácticas de laboratorio para el generador de señales agilent E4433B ESG-D y el analizador de espectros agilent 4405B ESA-E | ||
| 260 | |c 2003 |a [San José, Costa Rica] | ||
| 300 | |a vi, 151 h : ilustraciones + disco compacto | ||
| 500 | |a Proyecto de graduación (bachillerato en ingeniería eléctrica)--Universidad de Costa Rica. Facultad de Ingeniería. Escuela de Ingeniería Eléctrica | ||
| 650 | |x TEORIA DE LAS SEÑALES (TELECOMUNICACIONES) |9 7119 | ||
| 942 | |c TFG | ||
| 999 | |c 17826 |d 17826 | ||
